Champions League 24/25 - Tabela - Statystyki

Ogólne statystyki
  • Ten quiz został rozwiązany 350 razy
    337 od ostatniego zresetowania
  • Średni wynik to 18 z 36
Statystyki odpowiedzi
Miejsce Klub % Poprawnych
2. FC Barcelona
96%
11. Real Madryt
94%
15. PSG
87%
3. Arsenal
86%
1. Liverpool
86%
22. Manchester City
86%
12. Bayern Monachium
79%
4. Inter Mediolan
76%
13. AC Milan
74%
5. Atletico Madryt
72%
10. Borussia Dortmund
68%
20. Juventus
67%
8. Aston Villa
56%
6. Bayer Leverkusen
54%
23. Sporting
54%
16. Benfica
53%
14. PSV
51%
9. Atalanta
43%
17. Monaco
43%
32. RB Lipsk
41%
7. LOSC
38%
36. Young Boys
38%
19. Feyenoord
36%
24. Club Brugge
34%
33. Girona
34%
21. Celtic
33%
18. Brest
32%
35. Slovan Bratyslawa
30%
29. Crvena zvezda
28%
31. Sparta Praga
28%
26. Stuttgart
24%
34. RB Salzburg
23%
28. Bologna
22%
25. Dinamo Zagrzeb
22%
30. Sturm Graz
21%
27. Szachtar
19%
Nie znaleziono quizów pasujących do podanych kryteriów
Rozkład punktacji
Procent ludzi z każdym wynikiem
Percentyl według liczby udzielonych odpowiedzi
Twoja historia wyników
Nie rozwiązałeś tego quizu od ostatniego zresetowania